MARC

LEADER 00000nam0a2200000 4500
001 144908
005 20231031143853.0
029 1 0 |a RU  |b 2007-89  |c МИ 
035 |a (RuTPU)RU\TPU\book\157062 
035 |a RU\TPU\book\151297 
090 |a 144908 
100 |a 20081009d1990 k a0rusy50 ca 
101 0 |a rus 
102 |a RU 
105 |a a l 000zy 
200 1 |a Плиты поверочные и разметочные. Методика поверки  |a Рекомендация. МИ 2007-89 
205 |a Изд. офиц. 
210 |a Москва  |c Изд-во стандартов  |d 1990 
215 |a 69 с.  |c ил. 
225 1 |a Государственная система обеспечения единства измерений 
229 |a Утверждена приказом ВНИИМС № 94 от 23.06.89  |a Взамен ГОСТ 8.210-76 
610 1 |a МИ 
610 1 |a методика 
610 1 |a поверки 
610 1 |a плиты 
610 1 |a плиты 
610 1 |a поверочные плиты 
610 1 |a единство измерений 
610 1 |a рекомендации 
610 1 |a измерения 
610 1 |a отклонения 
675 |a 531(083)  |v 3 
712 0 2 |a Всесоюзный научно-исследовательский институт физико-технических и радиотехнических измерений (ВНИИФТРИ)  |2 stltpush  |3 (RuTPU)RU\TPU\col\12883 
801 1 |a RU  |b 63413507  |c 20080530  |g PSBO 
801 2 |a RU  |b 63413507  |c 20221207  |g PSBO 
942 |c BK